| 000 | 00362nam a2200133Ia 4500 | ||
|---|---|---|---|
| 008 | 240624s9999 xx 000 0 und d | ||
| 041 | _aeng | ||
| 082 | _a020 FRI | ||
| 100 | _aFRITZ DEBORAH A | ||
| 245 | _aMARC21 FOR EVERYONE A PRACTICAL GUIDE | ||
| 260 |
_c2009 _aNew Delhi _bIndiana Publishing House |
||
| 300 | _axvi, : 188 : p. : cm. ; 28 | ||
| 365 |
_cRS _b20 |
||
| 999 |
_c13169 _d13169 |
||